|
|
|
|
| LEADER |
00000nam a22000007a 4500 |
| 005 |
20191016232512.0 |
| 007 |
cr|||| |||| |
| 008 |
191016c20149999mx zn|w s|||| 0|||b1spa d |
| 035 |
|
|
|a 22844
|
| 040 |
|
|
|a vLex
|
| 090 |
|
|
|c 9868
|d 9868
|
| 245 |
0 |
0 |
|a Revista del Instituto de Especializacin̤ para Ejecutivos
|h [Recurso electrn̤ico] /
|
| 256 |
|
|
|a Servicio en ln̕ea
|
| 260 |
|
|
|a Ciudad de Mx̌ico:
|b Instituto de Especializacin̤ para Ejecutivos IEE, Mx̌ico,
|c 2014 -
|
| 300 |
|
|
|a 1 recurso electrn̤ico
|
| 310 |
|
|
|a Irregular
|
| 506 |
1 |
|
|a Disponible solo en los productos indicados
|d vLex Global
|d vLex Global (Academic Edition, excluding Law Schools)
|d vLex Global (U.S. Academic Edition, Law Schools)
|d vLex Global (U.S. Academic Edition, excluding Law Schools)
|d vLex Global (Academic Edition, Law Schools)
|
| 650 |
0 |
4 |
|a Derecho Fiscal
|z Mx̌ico
|
| 740 |
0 |
|
|a vLex Revistas (Servicio en ln̕ea)
|
| 856 |
4 |
0 |
|u http://vlex.com/source/revista-instituto-especializacion-ejecutivos-22844
|z Acceso restringido
|
| 942 |
|
|
|c REV
|
| 999 |
0 |
|
|a Tax Law
|